书目信息 |
| 题名: |
中学生说明文选
|
|
| 作者: | ;上海教育出版社 编 | |
| 分册: | ||
| 出版信息: | 上海 上海教育出版社 1980 |
|
| 页数: | 94页 | |
| 开本: | 19cm | |
| 丛书名: | ||
| 单 册: | ||
| 中图分类: | H194.5 , G633.3 | |
| 科图分类: | ||
| 主题词: | 说明文--中学--选集 , 教育--各级 | |
| 电子资源: | ||
| ISBN: | ||
| 000 | 00664nam0 2200241 450 | |
| 001 | 1550143857 | |
| 005 | 20150119135607.18 | |
| 010 | @dCNY0.21 | |
| 091 | @a7150.2300 | |
| 100 | @a19950615d1980 em y0chiy0110 ea | |
| 101 | 0 | @achi |
| 102 | @aCN@b310000 | |
| 105 | @ay z 000yy | |
| 200 | 1 | @a中学生说明文选@9zhong xue sheng shuo ming wen xuan@f上海教育出版社编 |
| 210 | @a上海@c上海教育出版社@d1980 | |
| 215 | @a94页@d19cm | |
| 606 | 0 | @a说明文@x中学@x选集 |
| 606 | 0 | @a教育@x各级 |
| 690 | @aH194.5@v5 | |
| 690 | @aG633.3@v4 | |
| 711 | 02 | @a上海教育出版社@9shang hai jiao yu chu ban she@4编 |
| 801 | 0 | @aCN@bTSSF@c20150119 |
| 905 | @aZUCC@dG633.3@eJY65 | |
| 中学生说明文选/上海教育出版社编.-上海:上海教育出版社,1980 |
| 94页;19cm |
| ISBN :CNY0.21 |
| ● |
| 相关链接 |
|
|
|
|
正题名:中学生说明文选
索取号:G633.3/JY65
 
预约/预借
| 序号 | 登录号 | 条形码 | 馆藏地/架位号 | 状态 | 备注 |
| 1 | 7847349 | 278473493 | 学院路分馆/ [索取号:G633.3/JY65] | 在馆 |